02151nam a2200301 i 4500001001000000003000900010005001700019007000300036008004100039020001800080040003000098041000800128082001900136100003800155245010700193264009200300300005200392336002700444337003500471338003100506490004000537500003400577500005000611500009100661504003800752505101700790700004201807000042232DO-SdBNP20251114101555.0ta131120s2013 dr 001 0 spa d a9789945074871 aDO-SdBNPbspacBNPHUerda aspa 4axxxbA162g2221 aAbreu Cardet, Joséeautor4aut.10aGuerras de liberación en el Caribe hispano 1863-1878 /cJosé Abreu Cardet, Luis Álvarez-López. 4aSanto Domingo, República Dominicana :bArchivo General de la Nación,bBúhoc2013. a262 páginas bilustraciones, mapas ; c23 cm. atextobtxt2rdacontent asin mediación bn2rdamedia  avolumen bnc2rdacarrier 0 aArchivo General de la Naciónv193 aIncluye índice onomástico aIncluye notas y referencias a pie de página aIncluye datos biografícos de los autores en la solapa de la portada y contraportada. aBibliografía: páginas 237-243 aPrefacio, 9.-- El Caribe hispano: República Dominicana, Cuba y Puerto Rico, 15.-- Santo Domingo, Cuba y Puerto Rico en el contexto internacional, 45.-- Puerto Rico, Cuba y Santo Domingo: el huracán de la expansión territorial norteamericana, 61.-- Las guerras en las Antillas franco-españolas, 67.-- El gran contrapunteo entre la República Dominicana y Cuba, 81.-- La Anexión: circunstancias y tendencias, 87.-- Conspiración y alzamiento, 91.-- Las primeras operaciones militares, 101.-- Cantidad de combatientes, 113.-- Armas y vituallas, 121.-- Los mambises cubanos: armas y vituallas, 135.-- La guerra de guerrillas, 143.-- La naturaleza y la guerra, 155.-- La voz del silencio, 161.-- Cambronal: los olvidos, 169.-- Un barrio cubano, 185.-- La virgen se va a la guerra, 193.-- Contrarrevolución, 199.-- Las fuerzas contrarrevolucionarias cubanas, 213.-- Ocupación del terreno, 225.-- La influencia de la Guerra Restauradora en Cuba, 229.-- Bibliografía, 237.-- Índice onomástico, 245.1 aÁlvarez, López, Luiseautor4aut.